Data Mining Methods And Models (Record no. 23801)
[ view plain ]
| 000 -LEADER | |
|---|---|
| fixed length control field | 00441nam a22001577a 4500 |
| 003 - CONTROL NUMBER IDENTIFIER | |
| control field | NUST |
| 008 - FIXED-LENGTH DATA ELEMENTS--GENERAL INFORMATION | |
| fixed length control field | 140124b xxu||||| |||| 00| 0 eng d |
| 020 ## - INTERNATIONAL STANDARD BOOK NUMBER | |
| International Standard Book Number | 8126507764 |
| Terms of availability | Available |
| 038 ## - RECORD CONTENT LICENSOR | |
| Staff Name | Nusrat Nadeem |
| 082 ## - DEWEY DECIMAL CLASSIFICATION NUMBER | |
| Classification number | 005.74LAR |
| Author Mark | 001438 |
| 100 ## - MAIN ENTRY--PERSONAL NAME | |
| Personal name | Larose Daniel T |
| 9 (RLIN) | 21573 |
| 245 ## - TITLE STATEMENT | |
| Title | Data Mining Methods And Models |
| Statement of responsibility, etc. | Larose Daniel T |
| 260 ## - PUBLICATION, DISTRIBUTION, ETC. | |
| Place of publication, distribution, etc. | India |
| Name of publisher, distributor, etc. | John Wiley & Sons |
| Date of publication, distribution, etc. | 2006 |
| 538 ## - SYSTEM DETAILS NOTE | |
| Display text | Supercomputing Lab<br/> |
| 942 ## - ADDED ENTRY ELEMENTS (KOHA) | |
| Source of classification or shelving scheme | |
| Koha item type | Book |
| Withdrawn status | Lost status | Source of classification or shelving scheme | Damaged status | Not for loan | Permanent Location | Current Location | Shelving location | Date acquired | Full call number | Barcode | Date last seen | Price effective from | Koha item type | Total Checkouts | Date last checked out |
|---|---|---|---|---|---|---|---|---|---|---|---|---|---|---|---|
| NUST Baluchistan Campus (NBC) | NUST Baluchistan Campus (NBC) | General Stacks | 01/24/2014 | 005.74LAR | RCMS001438 | 01/24/2014 | 01/24/2014 | Book | |||||||
| NUST Baluchistan Campus (NBC) | NUST Baluchistan Campus (NBC) | General Stacks | 01/24/2014 | 005.74LAR | RCMS001439 | 07/28/2016 | 01/24/2014 | Book | 1 | 03/26/2015 |
